| 000 | 00703nam a2200253Ia 4500 | ||
|---|---|---|---|
| 003 | OSt | ||
| 005 | 20220925235504.0 | ||
| 006 | a|||||r|||| 00| 0 | ||
| 007 | ta | ||
| 008 | 220923b |||||||| |||| 00| 0 eng d | ||
| 020 | _a8171005365 | ||
| 037 | _cGeneral Book | ||
| 040 |
_aRTL _cRTL _beng |
||
| 041 |
_2eng _aeng |
||
| 082 | _aU6715.2.N9, N3 | ||
| 100 |
_aRai Vinay Kumar _9301349 |
||
| 245 | 0 | _aWater resources planning and development, by Vinay | |
| 260 |
_a New Delhi _bDeep & Deep India _c1993 |
||
| 300 |
_axii,232p _ccm. |
||
| 500 | _aBib p. 212-29 | ||
| 650 | _aGeography | ||
| 942 |
_hU6715.2.N9, N3 _cGB _2CC |
||
| 999 |
_c597382 _d597382 |
||